书目信息 |
| 题名: |
机械噪声及其控制
|
|
| 作者: | 邵汝春 , 黄镇昌 编 | |
| 分册: | ||
| 出版信息: | 广州 华南理工大学出版社 1994.10 |
|
| 页数: | 339页 | |
| 开本: | 32开 | |
| 丛书名: | ||
| 单 册: | ||
| 中图分类: | TB533.1 | |
| 科图分类: | ||
| 主题词: | 振动--噪声 , 振动控制:噪声控制 | |
| 电子资源: | ||
| ISBN: | 7-5623-0664-8 | |
| 000 | 00643nam0 2200217 45 | |
| 001 | 0007160047 | |
| 005 | 20000716003928.0 | |
| 010 | @a7-5623-0664-8@d11.00元 | |
| 100 | @a20000716d1994 km y0chiy0120 ea | |
| 101 | 0 | @achi |
| 105 | @a z 000yy | |
| 200 | 1 | @a机械噪声及其控制@AJi Xie Zao Sheng Ji Qi Kong Zhi@f邵汝春,黄镇昌编@FShao Ru Chun,Huang Zhen Chang Bian |
| 210 | @a广州@c华南理工大学出版社@d1994.10 | |
| 215 | @a339页@d32开 | |
| 606 | 0 | @a振动@x噪声 |
| 606 | 0 | @a振动控制:噪声控制 |
| 690 | @aTB533.1@v3 | |
| 701 | 0 | @a邵汝春@4编 |
| 701 | 0 | @a黄镇昌@4编 |
| 801 | @aCN@bPftUser@c20000716 | |
| 905 | @b71231-235@dTB533.1@eSH121@f5 | |
| 机械噪声及其控制/邵汝春,黄镇昌编.-广州:华南理工大学出版社,1994.10 |
| 339页;32开 |
| ISBN 7-5623-0664-8:11.00元 |
| ● |
| 相关链接 |
|
|
|
正题名:机械噪声及其控制
索取号:TB533.1/SH121
 
预约/预借
| 序号 | 登录号 | 条形码 | 馆藏地/架位号 | 状态 | 备注 |
| 1 | 71231 | 200712318 | 期刊室512/501自科库 17排4列4层/ [索取号:TB533.1/SH121] | 在馆 | |
| 2 | 71232 | 200712327 | 期刊室512/501自科库 17排4列4层/ [索取号:TB533.1/SH121] | 在馆 | |
| 3 | 71233 | 200712336 | 自科库501/501自科库 18排1列4层/ [索取号:TB533.1/SH121] | 在馆 | |
| 4 | 71234 | 200712345 | 自科库501/501自科库 18排1列4层/ [索取号:TB533.1/SH121] | 在馆 | |
| 5 | 71235 | 200712354 | 期刊室512/501自科库 17排4列4层/ [索取号:TB533.1/SH121] | 在馆 |